Berühmte Militärs nach Bild und Nation - 3 - Statistiken

Allgemein
  • Dieses Quiz wurde 57 mal gespielt
  • Das Durchschnittsergebnis liegt bei 4 aus 8
Antwortstatistiken
Bildquiz Hint Antwort % Korrekt
Deutschland Friedrich der Große
86%
Deutschland Paul von Hindenburg
84%
Tunesien Hannibal
69%
Österreich Eugen von Savoyen
37%
Italien Giuseppe Garibaldi
35%
Vereinigtes Königreich Boudicca
22%
Frankreich Vercingetorix
14%
Vereinigte Staaten Friedrich von Steuben
12%
Keine übereinstimmenden Quizze gefunden
Verteilung der Resultate
Anzahl Personen mit jedem Resultat
Perzentil nach korrekt beantworteten Fragen
Ihre Resultats-Entwicklung
Sie haben dieses Quiz noch nicht gespielt